Fr. Conceicao Rodrigues College of Engineering

A history of India (Record no. 28620)

MARC details
000 -LEADER
fixed length control field 00294nam a2200145Ia 4500
082 ## - DEWEY DECIMAL CLASSIFICATION NUMBER
Classification number 808.83/KEA
Item number KEA
100 ## - MAIN ENTRY--PERSONAL NAME
Personal name Keay/John
245 ## - TITLE STATEMENT
Title A history of India
260 ## - PUBLICATION, DISTRIBUTION, ETC.
Name of publisher, distributor, etc. Harper collins
Date of publication, distribution, etc. 2007
366 ## - TRADE AVAILABILITY INFORMATION
Publishers's discount category 17.5
300 ## - PHYSICAL DESCRIPTION
Extent 576
546 ## - LANGUAGE NOTE
Language note ENGLISH
654 ## - SUBJECT ADDED ENTRY--FACETED TOPICAL TERMS
Focus term history
942 ## - ADDED ENTRY ELEMENTS (KOHA)
Koha item type BOOK
Holdings
Withdrawn status Lost status Damaged status Not for loan Collection Home library Current library Date acquired Source of acquisition Cost, normal purchase price Inventory number Total Checkouts Full call number Barcode Date due Date last seen Date last checked out Cost, replacement price Price effective from Koha item type
        CRC Fr. Agnel's C.Rodrigues College of Engineering Fr. Agnel's C.Rodrigues- College of Engineering 17/03/2023 Educational books and periodicals 325.88 191 dt 11/02/2009 1 808.83/KEA KEA 19355 09/09/2015 12/06/2023 12/06/2023 395.00   BOOK